The principles of political economy and taxation
Saved in:
| Hovedforfatter: | |
|---|---|
| Format: | Bog |
| Sprog: | engelsk |
| Udgivet: |
Londres
Everyman's Library
1911
|
| Fag: | |
| Tags: |
Tilføj Tag
Ingen Tags, Vær først til at tagge denne postø!
|
MARC
| LEADER | 00000nam a2200000 a 4500 | ||
|---|---|---|---|
| 001 | UCR7672 | ||
| 003 | CL-VaPUC | ||
| 008 | 980519e19110000UK |||||||||||||||||eng|d | ||
| 082 | 0 | 4 | |a 330.1 |b RIC |2 21 |
| 100 | 0 | |a Ricardo, David |e author |9 409038 | |
| 245 | 1 | 4 | |a The principles of political economy and taxation |
| 300 | |a 300 p | ||
| 942 | |c BK | ||
| 945 | |d 19980519 00:00:00 |a crobeson | ||
| 260 | |a Londres |b Everyman's Library |c 1911 | ||
| 650 | 0 | |a Economía |9 255568 | |
| 650 | 0 | |a Teoría económica |9 315055 | |
| 650 | 0 | |a Economía política |9 255814 | |
| 583 | |a last modification |c 19980519 00:00:00 |k Rodrigo Vera | ||
| 999 | |c 269262 |d 269260 | ||
| 952 | |0 0 |1 0 |4 0 |6 330_100000000000000_RIC_1911 |7 0 |8 P |9 302961 |a BIBENE |b BIBENE |d 2019-11-20 |i 1993402 |o 330.1 RIC 1911 |p 1993402 |r 2025-01-15 |w 2019-11-20 |y BK |k ICO | ||